| 000 | 00363nam a22001457a 4500 | ||
|---|---|---|---|
| 020 | _a9781566701732 | ||
| 082 |
_a631.44 _bHAR/SO |
||
| 245 | _aSoil Structure Its Development and Function | ||
| 260 |
_aLondon _bCRC Press _c2014 |
||
| 300 | _a424 | ||
| 490 | _aAdvances in Soil Science | ||
| 700 |
_aHartge,K.H. _9946 |
||
| 700 |
_aStewart,B.A. _9451 |
||
| 942 | _cBK | ||
| 999 |
_c14544 _d14544 |
||